Statistics for Ultimate Flags Quiz #2 - France

Click here to take the quiz!

General Stats

  • This quiz has been taken 4 times
  • The average score is 11 of 171

Answer Stats

Answer% Correct
Mayotte
100%
New Caledonia
100%
Saint Pierre
100%
Basque
67%
Corsica
67%
France
67%
French Polynesia
67%
Reunion
67%
Saint Barthelemy
67%
Acadia
33%
French Lebanon
33%
French Morocco
33%
French Protectorate of Tunisia
33%
French Southern and Antarctic Lands
33%
Languedoc-Roussillon
33%
Occitanie
33%
Paris
33%
Rhône-Alpes
33%
Saint Martin
33%
Savoy
33%
Wallis and Futuna
33%
Ain
0%
Aisne
0%
Allier
0%
Alpes-de-Haute-Provence
0%
Alsace
0%
Alsatians
0%
Anglo-French Joint Naval Commission
0%
Aquitane
0%
Ardeche
0%
Ardennes
0%
Ariege
0%
Arpitanians
0%
Aube
0%
Aude
0%
Austral Islands
0%
Autonomous Republic of Togo
0%
Auvergne
0%
Auvergne-Rhône-Alpes
0%
Aveyron
0%
Bas-Rhin
0%
Bouches-du-Rhône
0%
Bourgogne
0%
Bourgogne-Franche-Comté
0%
Bourgogne-Franche-Comté
0%
Bretons
0%
Calvados
0%
Cantal
0%
Champagne-Ardenne
0%
Charente
0%
Charente-Maritime
0%
Cher
0%
Correze
0%
Côte-d'Or
0%
Côtes-d'Armor
0%
County of Foix
0%
Creuse
0%
Deux-Sèvres
0%
Dijon
0%
Dordogne
0%
Doubs
0%
Drome
0%
Essonne
0%
Eure
0%
Eure-et-Loir
0%
Finistère
0%
Franche Comte
0%
Free France
0%
French Algeria
0%
French Equatorial Africa
0%
French Indochina
0%
French Mandate of Syria
0%
French Protectorate of Madagascar
0%
French Second Republic
0%
French Senegal
0%
French Sudan
0%
Gambier Islands
0%
Gard
0%
Gascons
0%
Gers
0%
Gironde
0%
Haute-Garonne
0%
Haute-Loire
0%
Haute-Marne
0%
Hautes-Alpes
0%
Haute-Saône
0%
Hautes-Pyrénée
0%
Haut-Rhin
0%
Hauts-de-Seine
0%
Haut-Vienne
0%
Herault
0%
House of Bourbon
0%
Île-de-France
0%
Ille-et-Vilaine
0%
Indre
0%
Indre-et-Loire
0%
Isere
0%
Jabal ad-Druze
0%
Jura
0%
Kingdom of France
0%
Landes
0%
Limousin
0%
Loire
0%
Loire-Atlantique
0%
Loiret
0%
Loir-et-Cher
0%
Lorraine
0%
Lot
0%
Lot-et-Garonne
0%
Lozere
0%
Lyon
0%
Maine-et-Loire
0%
Manche
0%
Marne
0%
Marquesas Islands
0%
Marseille
0%
Mayenne
0%
Meurthe-et-Moselle
0%
Meuse
0%
Miquelon-Langlade
0%
Morbihan
0%
Moselle
0%
Nantes
0%
New Hebrides Condominium
0%
Nice
0%
Nievre
0%
Nord
0%
Nord-Pas-de-Calais
0%
Normans
0%
Nouvelle-Aquitaine
0%
Occitans
0%
Oise
0%
Orne
0%
Pas-de-Calais
0%
Pays de la Loire
0%
Pays de la Loire
0%
Picardy
0%
Poitou-Charentes
0%
Puy-de-Dôme
0%
Pyrénées-Atlantiques
0%
Pyrénées-Orientales
0%
Rhone
0%
Saar Protectorate
0%
Saône-et-Loire
0%
Sarthe
0%
Seine-et-Marne
0%
Seine-Maritime
0%
Seine-Saint-Denis
0%
Somme
0%
State of Alawites
0%
State of Aleppo
0%
State of Damascus
0%
Strasbourg
0%
Syrian Federation
0%
Tahitians
0%
Tarn
0%
Tarn-et-Garonne
0%
Territoire de Belfort
0%
Tuamotus
0%
Val-de-Marne
0%
Val d'Oise
0%
Var
0%
Vaucluse
0%
Vendee
0%
Vichy France
0%
Vienne
0%
Viscounty of Bearn
0%
Vosges
0%
Yenish
0%
Yonne
0%
Yvelines
0%

Score Distribution

Percentile by Number Answered

Percent of People with Each Score

Your Score History

You have not taken this quiz